书目信息 |
| 题名: |
微生物生态学导论
|
|
| 作者: | 陈声明 , 吴甘霖 编著 | |
| 分册: | ||
| 出版信息: | 北京 高等教育出版社 2015.08 |
|
| 页数: | 247页 | |
| 开本: | 24cm | |
| 丛书名: | ||
| 单 册: | ||
| 中图分类: | Q938.1 | |
| 科图分类: | ||
| 主题词: | 微生物生态学 | |
| 电子资源: | ||
| ISBN: | 978-7-04-042947-3 | |
| 000 | 01160nam0 2200277 450 | |
| 001 | 0120151661554 | |
| 005 | 20170502101921.03 | |
| 010 | @a978-7-04-042947-3@dCNY49.00 | |
| 100 | @a20151031d2015 em y0chiy50 ea | |
| 101 | 0 | @achi |
| 102 | @aCN@b110000 | |
| 105 | @ak z 000yy | |
| 106 | @ar | |
| 200 | 1 | @a微生物生态学导论@9wei sheng wu sheng tai xue dao lun@dIntroduction to microbial ecology@f陈声明,吴甘霖编著@zeng |
| 205 | @a2版 | |
| 210 | @a北京@c高等教育出版社@d2015.08 | |
| 215 | @a247页@d24cm | |
| 330 | @a本书涵盖了微生物生态学基本内容,主要包括微生物生态学基本原理,自然界微生物种类及其多样性,极端微生物类型及开发意义,微生物种群相互作用,微生物群落发展与演替,微生物与生物地球化学循环,环境因子对微生物的影响,微生物与动植物间的相互关系等内容。 | |
| 333 | @a高校生命科学、生物技术专业及农林、畜牧、医学等领域研究生的教科书,还可作为从事微生物生态学研究人员的参考用书 | |
| 510 | 1 | @aIntroduction to microbial ecology@zeng |
| 606 | 0 | @a微生物生态学 |
| 690 | @aQ938.1@v5 | |
| 701 | 0 | @a陈声明@9chen sheng ming@4编著 |
| 701 | 0 | @a吴甘霖@9wu gan lin@4编著 |
| 801 | 0 | @aCN@b人天书店@c20151031 |
| 905 | @b989284-87@dQ938.1@e84=2@f4 | |
| 微生物生态学导论=Introduction to microbial ecology/陈声明,吴甘霖编著.-2版.-北京:高等教育出版社,2015.08 |
| 247页;24cm |
| 使用对象:高校生命科学、生物技术专业及农林、畜牧、医学等领域研究生的教科书,还可作为从事微生物生态学研究人员的参考用书 |
| ISBN 978-7-04-042947-3:CNY49.00 |
| 本书涵盖了微生物生态学基本内容,主要包括微生物生态学基本原理,自然界微生物种类及其多样性,极端微生物类型及开发意义,微生物种群相互作用,微生物群落发展与演替,微生物与生物地球化学循环,环境因子对微生物的影响,微生物与动植物间的相互关系等内容。 |
| ● |
| 相关链接 |
|
|
|
|
正题名:微生物生态学导论
索取号:Q938.1/84=2
 
预约/预借
| 序号 | 登录号 | 条形码 | 馆藏地/架位号 | 状态 | 备注 |
| 1 | 989284 | 209892847 | 第二样本阅览室/ [索取号:Q938.1/84=2] | 在馆 | |
| 2 | 989285 | 209892856 | 第三借阅区/ [索取号:Q938.1/84=2] | 在馆 | |
| 3 | 989286 | 209892865 | 第三借阅区/ [索取号:Q938.1/84=2] | 在馆 | |
| 4 | 989287 | 209892874 | 密集书库-生命科学系/ [索取号:Q938.1/84=2] | 在馆 |